000 00660nam a2200253Ia 4500
001 19866
005 20240113235950.0
007 ta
008 060216s 196 a g b000 u 465 u
020 _cPB
040 _aCotton College,Assam
041 _a465
082 _a820.9
_bL 479 M
100 _aLeary, Lewis .
245 0 _aMark Twain /
_cLewis Leary.
_hTextual Documents
250 _a1st ed. /
260 _aMinneapolis :
_bUnivercity of Minnesota Press ,
_cC 1960.
300 _a48p. :
_bill ;
_c22cm .
653 _aEnglish Literature-Criticism
653 _aG-English
942 _2ddc
_cBK
999 _c19848
_d19848